[Event "FRA-chT U20 16 GP Basse 1213"]
[Site "France"]
[Date "2013.05.19"]
[Round "9"]
[White "Vuddamalay, Milan"]
[Black "Pigeat, Alexandre"]
[Result "1-0"]
[WhiteElo "1943"]
[BlackElo "1897"]
[PlyCount "77"]
[EventDate "2012.12.01"]
[EventType "team"]
[EventRounds "11"]
[EventCountry "FRA"]
[SourceTitle "EXT 2014"]
[Source "ChessBase"]
[SourceDate "2013.11.20"]
[SourceVersion "1"]
[SourceVersionDate "2013.11.20"]
[SourceQuality "1"]
[WhiteTeam "Lutece (U20)"]
[BlackTeam "Sainte Foy (U20)"]
[WhiteTeamCountry "FRA"]
[BlackTeamCountry "FRA"]

1. d4 d5 2. c4 e6 3. Nc3 c6 4. Nf3 dxc4 5. e3 b5 6. a4 Bb4 7. Bd2 Bxc3 8. Bxc3 a5 9. axb5 cxb5 10. b3 Bb7 11. bxc4 b4 12. Bb2 Nf6 13. Bd3 Nbd7 14. 0-0 0-0 15. Qc2 Qc7 16. Ne5 Rfc8 17. f4 h6 18. h3 Nxe5 19. fxe5 Ne8 20. Rf2 f5 21. exf6 Nxf6 22. e4 Qg3 23. Bc1 Nh5 24. Qe2 Qh4 25. d5 e5 26. Qg4 Qxg4 27. hxg4 Nf6 28. g5 Ng4 29. Rfa2 Rc5 30. Bd2 b3 31. Rxa5 Rcxa5 32. Rxa5 Rxa5 33. Bxa5 Kf7 34. c5 Ke7 35. c6 Bc8 36. Bb4+ Kd8 37. d6 b2 38. Bc3 Ba6 39. Ba5+ 1-0

[Event "Paris-ch op-C 87th"]
[Site "Paris"]
[Date "2012.07.12"]
[Round "6"]
[White "Theodore, Simon"]
[Black "Vuddamalay, Milan"]
[Result "0-1"]
[WhiteElo "1793"]
[BlackElo "1857"]
[PlyCount "120"]
[EventDate "2012.07.07"]
[EventType "swiss"]
[EventRounds "9"]
[EventCountry "FRA"]
[SourceTitle "EXT 2014"]
[Source "ChessBase"]
[SourceDate "2013.11.20"]
[SourceVersion "1"]
[SourceVersionDate "2013.11.20"]
[SourceQuality "1"]

1. c4 c6 2. Nc3 d5 3. cxd5 cxd5 4. d4 Nf6 5. g3 Nc6 6. Bg2 Bf5 7. Nf3 e6 8. a3 Be7 9. 0-0 0-0 10. Bf4 h6 11. Rc1 Rc8 12. Ne5 a6 13. Nxc6 Rxc6 14. Na4 Rxc1 15. Qxc1 Qd7 16. Nc3 Rc8 17. Qd2 b5 18. Be5 Ng4 19. e4 dxe4 20. Bf4 Rd8 21. Nxe4 Qxd4 22. Qxd4 Rxd4 23. f3 Nf6 24. Be5 Rc4 25. Nd6 Rc2 26. Nxf5 exf5 27. Rd1 Kf8 28. Bc3 a5 29. Bf1 b4 30. axb4 axb4 31. Bd3 Bc5+ 32. Kh1 Rf2 33. Bxf6 gxf6 34. b3 Rxf3 35. Bc4 f4 36. Rf1 Rxf1+ 37. Bxf1 fxg3 38. hxg3 Kg7 39. Kg2 Kg6 40. Bd3+ Kg5 41. Bc4 Kg4 42. Bxf7 Bd6 43. Be6+ f5 44. Bd7 Bxg3 45. Be6 h5 46. Bc4 h4 47. Be2+ Kf4 48. Bf3 Be1 49. Be2 Ke3 50. Bh5 Bf2 51. Bd1 Bg3 52. Bh5 Be5 53. Bf7 Kf4 54. Bh5 Bd6 55. Bd1 Ke3 56. Bh5 Bc7 57. Bd1 f4 58. Bh5 f3+ 59. Kf1 h3 60. Kg1 h2+ 0-1